000 00461nam a2200193Ia 4500
005 20250508165745.0
008 008 250505s9999 xx 000 0 eng d
037 _aTextual
040 _aFEDL
_beng
_cFEDL
041 _aeng
_2eng
084 _a500, ASI
_qFEDL
100 _aAsimov Isaac
245 0 _aHow we found about
260 _c2002
300 _a170p.
546 _aC.S.E.C
942 _cTEXL
_h500, ASI
999 _c1397294
_d1397294